000 00292cam a2200133ua 4500
041 _aeng
_h
100 _aMansha , Ram .
245 _aPapaya Cultivation in India
260 _a :
_bDirector of exetension ,
_c1998.
300 _a ; .
504 _a
942 _cBK
999 _c13003
_d13003